000
00240nam a22001097a 4500
999
_c
260994
_d
260993
020
_a
9780545232791
100
_a
Holly Webb
245
_a
Ginger the Stray Kitten
260
_a
New York
_b
Scholastic
_c
2009
300
_a
120 pgs
942
_c
BK